| 000 | 00959cam a22002894a 4500 | ||
|---|---|---|---|
| 001 | 14576880 | ||
| 003 | OSt | ||
| 005 | 20211231111809.0 | ||
| 008 | 060929s2007 njua b 001 0 eng | ||
| 010 | _a 2006281521 | ||
| 038 | _akhadija | ||
| 040 |
_aDLC _cDLC _dDLC |
||
| 050 | 0 | 0 |
_aT57.6 _b.T3 2009 |
| 082 | 0 | 0 |
_a658.4034 _222 _bTAH |
| 100 | 1 |
_aTaha, Hamdy A. _987201 |
|
| 245 | 1 | 0 |
_aOperations research : _ban introduction / _cHamdy A. Taha. |
| 250 | _a7th | ||
| 260 |
_aUpper Saddle River, N.J. : _bPearson/Prentice Hall, _cc2007. |
||
| 300 |
_axx, 813 p. : _bill. ; _c25 cm. + _e1 CD-ROM (4 3/4 in.) |
||
| 504 | _aIncludes bibliographical references and index. | ||
| 563 | _aHB | ||
| 650 | 0 |
_aOperations research. _987202 |
|
| 650 | 0 |
_aProgramming (Mathematics) _987203 |
|
| 906 |
_a7 _bcbc _corigcop _d2 _encip _f20 _gy-gencatlg |
||
| 942 |
_2ddc _cBK |
||
| 999 |
_c32579 _d32579 |
||